The misterious island /

Guardado en:
Autor Principal: Verne, Julio
Formato: Libro
Publicado: Estados Unidos de América : Longman, 1988
Series:Longman Classics
Materias:
Etiquetas: Agregar Etiqueta
Sin Etiquetas, Sea el primero en etiquetar este registro!
LEADER 00496nam a22001815a 4500
001 CEM.cems006531
005 20060214000000.0
008 130507s1988##################000#0#####d
003 CEMS
082 0 4 |a 428.64 
100 1 |a Verne, Julio 
245 1 0 |a The misterious island / 
260 |a Estados Unidos de América :  |b Longman,  |c 1988 
300 |a 42 p. 
490 0 |a Longman Classics 
653 |a Donacion c. basico 
653 |a Ingles 
859 |a CEMS  |b BIB. CEMS - 11 de abril  |h 428.64  |i L863-5  |p 16120.91  |t Ej.1